[Event "South America-ch U20"]
[Site "Chess.com INT"]
[Date "2021.06.19"]
[Round "3"]
[White "Araneda Flores, Javier Armando"]
[Black "Mundaca Bermedo, Tomas Joaquin"]
[Result "1-0"]
[WhiteElo "1258"]
[BlackElo "1512"]
[PlyCount "87"]
[EventDate "2021.06.19"]
[EventType "swiss"]
[EventRounds "7"]
[EventCountry "CHI"]
[SourceTitle "CBM 203 Extra"]
[Source "ChessBase"]
[SourceDate "2021.09.30"]
[SourceVersion "1"]
[SourceVersionDate "2021.09.30"]
[SourceQuality "1"]

1. d4 Nf6 2. c4 g6 3. Nc3 Bg7 4. e4 d6 5. Be2 Nbd7 6. Nf3 0-0 7. e5 dxe5 8. dxe5 Ng4 9. e6 fxe6 10. 0-0 Ngf6 11. Ng5 Nb6 12. Qc2 e5 13. Rd1 Qe8 14. Nb5 Bf5 15. Qb3 Rc8 16. c5+ e6 17. cxb6 axb6 18. Bc4 Kh8 19. Bxe6 Bxe6 20. Nxe6 Rf7 21. Nxg7 Kxg7 22. Be3 Ng4 23. Rac1 Qe7 24. Qc4 Rf6 25. Bg5 Rc6 26. Qxg4 Qf8 27. Qh4 h5 28. Nc3 Re8 29. Qg3 e4 30. Qe3 Rce6 31. Rd7+ Kg8 32. Rcd1 c5 33. Bh6 Qf6 34. Rg7+ Kh8 35. Rdd7 R6e7 36. Rdxe7 Rxe7 37. Rxe7 Qxe7 38. Bg5 Qd7 39. h3 b5 40. Qe2 b4 41. Qd1 Qf5 42. Qd8+ Kh7 43. Qe7+ Kh8 44. Qf6+ 1-0

[Event "South America-ch U20"]
[Site "Chess.com INT"]
[Date "2021.06.19"]
[Round "4"]
[White "Rozas Lazcano, Valeska"]
[Black "Araneda Flores, Javier Armando"]
[Result "0-1"]
[WhiteElo "1399"]
[BlackElo "1258"]
[PlyCount "84"]
[EventDate "2021.06.19"]
[EventType "swiss"]
[EventRounds "7"]
[EventCountry "CHI"]
[SourceTitle "CBM 203 Extra"]
[Source "ChessBase"]
[SourceDate "2021.09.30"]
[SourceVersion "1"]
[SourceVersionDate "2021.09.30"]
[SourceQuality "1"]

1. e4 c5 2. Nc3 e6 3. Nf3 a6 4. d4 cxd4 5. Nxd4 Qc7 6. g3 b5 7. Bg2 Bb7 8. 0-0 Nf6 9. a3 Be7 10. Re1 d6 11. Bg5 0-0 12. Rc1 Nbd7 13. h3 Rac8 14. Qd2 Nb6 15. Nb1 Nc4 16. Qc3 Nxe4 17. Bxe4 Bxg5 18. Rcd1 Bxe4 19. Rxe4 d5 20. Re2 Bf6 21. b3 Nd6 22. Qe3 Ne4 23. Nd2 Nc3 24. Ree1 Nxd1 25. Rxd1 Bxd4 26. Qxd4 Qxc2 27. Nf3 Qc3 28. Qh4 Qxf3 29. Rf1 Qxb3 30. g4 Rc3 31. Kh2 Qxa3 32. g5 Qd6+ 33. Kg2 Rc4 34. Qh5 Qf4 35. Rg1 Qe4+ 36. Kh2 Qh4 37. Qf3 Qf4+ 38. Qxf4 Rxf4 39. Kg3 Rc4 40. Ra1 Ra4 41. Rc1 a5 42. Rc5 b4 0-1